000 nam a22 a 4500
999 _c956
_d956
003 AKMAL
005 20170508095749.0
008 170508s1996 my 00 may d
020 _a983906245X (kkt.):
_cRM 16.00
040 _aAKMAL
082 0 4 _a297.217 MUH
090 _a297.217
_bMUH
100 1 _aDawud, Muhammad 'Isa,
_d1957-
_92031
245 1 0 _aDialog dengan jin Islam :
_bpengalaman rohaniyah Muhammad Isa Dawud /
_c[Muhammad Isa Dawud]
260 _aKuala Lumpur :
_bPustaka Syuhada,
_c[1996]
300 _a404ms. ;
_c22cm
500 _aMengandungi ayat-ayat dari al-Quran
650 _aJinn
_92032
650 _aMagic
_xReligious aspects
_92033
942 _2ddc
_cBOOK